000 nam a22 7a 4500
999 _c10746
_d10746
008 180223b ||||| |||| 00| 0 eng d
100 _aSharma,V.D.
_96594
245 _abasic Health and Physical Education-IX-X
260 _aNew Delhi
_bAvichal
_c2012